Quiz sur Souffelweyersheim - Statistiques

Statistiques générales
  • Ce quiz a été pris 32 fois
    9 depuis la dernière actualisation
  • Le résultat moyen est 16 sur 23
Statistiques - réponses
Hint Réponse % Correct
Ruisseau dont la ville tire son nom La Souffel
100%
Département 67
75%
Ligne de Bus 74
75%
Ligne de Bus 76
75%
Club de Basket iconique BCS
75%
Ligne de Bus C9
75%
Collège Collège des sept arpents
75%
Ecole Maternelle Ecole les coquelicots
75%
Ecole Maternelle Ecole les Tilleuls
75%
Ecole Primaire Ecole Rapp
75%
Etablissement administré par Nacer et Hervé Espace Jeunesse
75%
Restaurant favori de M Pokora La Carpe
75%
Club de Football américain et de Cheerleading Le géant de Souffelweyersheim
75%
Centre culturel de la ville, comptant notamment la bibliothèque et l'école de musique Les sept arpents
75%
Périscolaire Les Turlupins
75%
Maire Pierre Perrin
75%
Circonscription 3ème circonscription
50%
Bibliothèque 7 à lire
50%
Bataille menée par Napoléon le 28 Juin 1815 Bataille de la Souffel
50%
Ecole Primaire Ecole Dannenberger
50%
Ville jumelée Peymeinade
50%
Gentilé Souffelweyersheimois
50%
Député Thierry Sother
50%
Aucun quiz correspondant
Distribution des résultats
% des personnes avec chaque résultat
Percentile par nombre de réponses
Votre historique - résultats
Vous n’avez pas pris ce quiz depuis la dernière actualisation